000
00279nam a2200121Ia 4500
008
190216s9999||||xx |||||||||||||| ||und||
100
_a
Madavan Ns
245
0
_a
Higwitta
260
_b
Calicut University Central Co-Operative
300
_a
94
650
_a
Kathakal
942
_c
BK
999
_c
27114
_d
27114